000 00788nam a2200217 i 4500
001 171190
003 ES-MaACL
005 20251003164446.0
008 090504s1960 sp |||| | spa d
100 1 _aCabodevilla, José María.
_933240
245 1 0 _aHombre y mujer
_b: estudio sobre el matrimonio y el amor humano /
_cJosé María Cabodevilla ; prólogo de Casimiro Morcillo González.
260 _aMadrid :
_bLa Editorial Católica,
_c1960.
300 _aVIII, 539 p. ;
_c20 cm.
490 1 _aBiblioteca de autores cristianos ;
_v195
650 7 _aAmor
_2embne
_99754
650 7 _aMatrimonio
_2embne
_914855
700 1 _aMorcillo, Casimiro,
_d1904-1971
_983188
830 1 0 _aBiblioteca de autores cristianos
_v195
_9178679
852 4 _aES-MaACL
_jJ-191
999 _c171190
_d171190